ESCUDOS DEL FÚTBOL ARGENTINO (Todas las Categorías) - Estadísticas

Estadísticas generales
  • Esta prueba ha sido intentada 1.056 veces
  • La puntuación promedio es 97 de 241
Estadísticas de respuestas
Imagen Respuesta % Correcto
Godoy Cruz
98%
Talleres (C)
88%
Quilmes
73%
Olimpo
71%
Belgrano (C)
68%
Ferro Carril Oeste
68%
All Boys
67%
Fénix
66%
Colón
65%
Deportivo Riestra
64%
El Porvenir
64%
Aldosivi
63%
Independiente Rivadavia
63%
Gimnasia y Tiro
62%
Villa Dálmine
61%
Argentinos Juniors
60%
Arsenal
60%
Atlético Rafaela
60%
Boca Juniors
60%
Deportivo Maipú
60%
Deportivo Mandiyú
60%
Deportivo Morón
60%
Huracán (SR)
60%
Racing Club
60%
Rosario Central
60%
Altos Hornos Zapla
59%
Atlanta
59%
Nueva Chicago
59%
River Plate
59%
Barracas Central
58%
Boca Unidos
58%
Defensa y Justicia
58%
Deportivo Laferrere
58%
Deportivo Metalúrgico
58%
Estudiantes (LP)
58%
Independiente
58%
Lanús
58%
Tigre
58%
Yupanqui
58%
Agropecuario
57%
Chacarita Juniors
57%
Deportivo Armenio
57%
Instituto
57%
Newell's Old Boys
57%
Platense
57%
Real Pilar
57%
Sol de América
57%
Sportivo Italiano
57%
Almagro
56%
Almirante Brown
56%
Chaco For Ever
56%
Comunicaciones
56%
Deportivo Español
56%
Mitre
56%
Patronato
56%
Racing (C)
56%
San Lorenzo
56%
San Martín (SJ)
56%
Temperley
56%
Vélez Sarsfield
56%
Atlas
55%
Atlético Tucumán
55%
Banfield
55%
Gimnasia (LP)
55%
Huracán
55%
Huracán (TA)
55%
Kimberley
55%
Loma Negra
55%
Cipolletti
54%
Flandria
54%
Guillermo Brown
54%
Huracán (CR)
54%
Huracán (LH)
54%
Sacachispas
54%
Crucero del Norte
53%
Guemes
53%
San Telmo
53%
Sarmiento (J)
53%
Tristán Suárez
53%
Unión (SF)
53%
Acassuso
52%
Atenas
52%
Central Córdoba (R)
52%
Claypole
52%
Los Andes
52%
San Martín (B)
52%
Villa San Carlos
52%
Alvarado
51%
Berazategui
51%
Brown (A)
51%
Defensores de Belgrano
51%
Estudiantes (BA)
51%
Everton
51%
Independiente (CH)
51%
Social Atlético Televisión
51%
Sol de Mayo
51%
Camioneros
50%
Colegiales
50%
Deportivo Merlo
50%
Excursionistas
50%
Ferrocarril (C)
50%
Luján
50%
Mercedes
50%
Muñiz
50%
San Martín (T)
50%
Tiro Federal (R)
50%
Central Norte
49%
Deportivo Madryn
49%
Douglas Haig
49%
Estrella del Sur
49%
Estudiantes (RC)
49%
Rivadavia (L)
49%
Vélez (SR)
49%
Defensores Unidos
48%
Deportivo Rincón
48%
Gimnasia (J)
48%
La Florida
48%
Central Córdoba (SdE)
47%
Gimnasia (M)
47%
San Miguel
47%
FC Ezeiza
46%
Racing (O)
46%
San Jorge
46%
Unión Aconquija
46%
Argentino (Q)
45%
Belgrano (Z)
45%
Cañuelas
45%
Talleres (RdE)
45%
Villa Mitre
45%
Atlético Candelaria
44%
Dock Sud
44%
General Lamadrid
44%
Juventud Antoniana
44%
Trinidad
44%
San Martín (MC)
43%
Sansinena
43%
Sarmiento (R)
43%
Deportivo Paraguayo
42%
San Martín (F)
42%
UAI Urquiza
42%
Ituzaingó
41%
San Lorenzo de Alem
41%
Unión (MdP)
41%
Ferrocarril Midland
40%
Liniers
39%
Sportivo Belgrano
38%
13 de Junio
37%
Desamparados
37%
Grupo Universitario
37%
Sportivo Las Parejas
37%
Victoriano Arenas
37%
Puerto Nuevo
36%
Barraca
35%
Sportivo Barracas
35%
Unión (S)
35%
Argentino (M)
34%
Central Ballester
34%
Centro Español
34%
Defensores de Pronunciamiento
34%
Ramón Santamarina
34%
Ben Hur
33%
Argentino (R)
31%
Atlético Lugano
31%
Comisión de Actividades Infantiles
31%
Defensores de Cambaceres
31%
Deportivo Roca
31%
Sportivo Estudiantes
31%
Atlético Paraná
30%
Ferro Carril Oeste (GP)
30%
Alianza (CC)
29%
Leandro N. Alem
29%
Independiente (VO)
28%
JJ Urquiza
28%
Juventud Unida Universitario
28%
San Martín (M)
28%
Germinal
26%
Argentino (MM)
25%
Sarmiento (LB)
25%
9 de Julio (M)
24%
Atlético Regina
24%
Círculo Deportivo
24%
Ciudad de Bolívar
24%
Defensores de Belgrano (VR)
24%
9 de Julio (R)
23%
Barrancas FC
23%
Cultural Argentino
23%
Guaraní Antonio Franco
23%
Independiente (N)
23%
Sportivo Peñarol
23%
El Linqueño
22%
Gutiérrez
22%
Náutico Hacoaj
22%
Gimnasia (CdU)
20%
Unión San Vicente
19%
Bartolomé Mitre
18%
Estrella de Berisso
18%
Juventud Unida (G)
18%
Liniers (BB)
18%
Atlético Pilar
15%
Juventud de Bernal
15%
Andino
14%
General Paz Juniors
14%
Huracán (C)
14%
Juventud Unida (SM)
14%
Libertad (S)
14%
General Belgrano
13%
Sportivo Patria
13%
Alumni (VM)
12%
Defensores de Glew
12%
Juventud Alianza
12%
Puerto Comercial
12%
Tiro Federal (BB)
12%
Unión (VK)
12%
Atlético Santa Rosa
11%
Estudiantes (SdE)
11%
Mariano Moreno
11%
San Lorenzo (MdP)
11%
Talleres (P)
11%
Almirante Brown (A)
10%
Don Orione
10%
Huracán (IW)
10%
Independiente (T)
10%
Renato Cesarini
10%
Atlético Uruguay
9%
Ñuñorco
9%
Rosario Puerto Belgrano
9%
Unión Santiago
9%
Villa Cubas
9%
Américo Tesorieri
8%
Atlético Concepción
8%
Concepción FC
8%
Deportivo Patagonés
8%
Juventud (P)
8%
La Plata FC
8%
Argentino (F)
7%
Atlético Ledesma
7%
Estación Quequén
7%
Jorge Newbery (J)
6%
Unión Deportiva Provincial
6%
Unión (GP)
6%
Mataderos
5%
No se encontraron pruebas coincidentes
Distribución de puntuación
Porcentaje de gente con cada puntuación
Porcentaje por número respondido
Historial de tus puntuaciones
No has intentado esta prueba.